trouveras tu le nom de ces personnages de manga ? - Statistiques

Statistiques générales
  • Ce quiz a été pris 235 fois
  • Le résultat moyen est 15 sur 20
Statistiques - réponses
Par images Réponse % Correct
Eren Jaeger
99%
Roronoa Zoro
97%
Saitama
93%
Gaara
91%
Light Yagami
88%
Lucy Heartfilia
85%
Kurosaki Ichigo
84%
Kaneki Ken
80%
Krillin
80%
Hisoka
78%
Eikichi Onizuka
71%
Karma akabane
70%
Lelouch lamperouge
70%
Guts
69%
Meliodas
63%
Denji
61%
Soma yukihira
54%
Rem
51%
Kaguya shinomiya
43%
Shinra Kusakabe
41%
Aucun quiz correspondant
Distribution des résultats
% des personnes avec chaque résultat
Percentile par nombre de réponses
Votre historique - résultats
Vous n’avez pas pris ce quiz